[Event "Oberliga Nord W 1920"]
[Site "Germany"]
[Date "2021.07.10"]
[Round "8.5"]
[White "Wokittel, Ulf"]
[Black "Voege, Tobias"]
[Result "0-1"]
[WhiteElo "2112"]
[BlackElo "2324"]
[PlyCount "106"]
[EventDate "2019.09.29"]
[EventType "team-tourn"]
[EventRounds "9"]
[EventCountry "GER"]
[SourceTitle "EXT 2023"]
[Source "ChessBase"]
[SourceDate "2022.10.05"]
[SourceVersion "1"]
[SourceVersionDate "2022.10.05"]
[SourceQuality "1"]
[WhiteTeam "Tostedt"]
[BlackTeam "Lister Turm"]
[WhiteTeamCountry "GER"]
[BlackTeamCountry "GER"]

1. d4 e6 2. c4 Bb4+ 3. Bd2 a5 4. Nf3 f5 5. g3 Nf6 6. Bg2 0-0 7. 0-0 Be7 8. Nc3 d5 9. b3 Ne4 10. e3 Nd7 11. Qc2 c6 12. Ne1 Nxc3 13. Bxc3 b5 14. Nd3 bxc4 15. bxc4 Ba6 16. cxd5 cxd5 17. Rfc1 Ba3 18. Rd1 Qc7 19. Qd2 Bxd3 20. Qxd3 Nb6 21. Rab1 Nc4 22. Rb3 Rfb8 23. Rdb1 Be7 24. Rxb8+ Rxb8 25. Rxb8+ Qxb8 26. Qc2 Qb5 27. Qb3 Qd7 28. a4 Bb4 29. Bxb4 Qb7 30. Bf1 Qxb4 31. Qc2 g6 32. h4 Kf7 33. Be2 Kf6 34. Kg2 Ke7 35. h5 Kf6 36. hxg6 hxg6 37. g4 Qb2 38. Qd1 fxg4 39. Kg3 Qb8+ 40. Kxg4 Qh2 41. Qf1 Nd2 42. Qh3 Qxh3+ 43. Kxh3 Ne4 44. Bb5 Nxf2+ 45. Kg3 Ne4+ 46. Kg4 Nd6 47. Bd3 Nf5 48. Kf4 g5+ 49. Kf3 e5 50. dxe5+ Kxe5 51. Bf1 g4+ 52. Kf2 Nd6 53. Ke2 Ne4 0-1

[Event "Vellmar op-A 2nd"]
[Site "Vellmar"]
[Date "2010.07.11"]
[Round "6"]
[White "Wokittel, Ulf"]
[Black "Austein, Hartmut"]
[Result "1-0"]
[WhiteElo "2152"]
[BlackElo "2017"]
[PlyCount "37"]
[EventDate "2010.07.08"]
[EventType "swiss"]
[EventRounds "7"]
[EventCountry "GER"]
[SourceTitle "EXT 2011"]
[Source "ChessBase"]
[SourceDate "2010.11.26"]
[SourceVersion "1"]
[SourceVersionDate "2010.11.26"]
[SourceQuality "1"]

1. d4 Nf6 2. c4 e5 3. dxe5 Ne4 4. Nf3 b6 5. Qd5 Bb4+ 6. Bd2 Nxd2 7. Nbxd2 Nc6 8. a3 0-0 9. axb4 Nxb4 10. Qxa8 Nc2+ 11. Kd1 Nxa1 12. Qxa7 d5 13. Qxa1 dxc4 14. e3 Be6 15. Kc1 Qd7 16. Nd4 Bd5 17. Bxc4 Ra8 18. Qxa8+ Bxa8 19. e6 1-0

[Event "Vellmar op-A 2nd"]
[Site "Vellmar"]
[Date "2010.07.08"]
[Round "1"]
[White "Hagedorn, Alfons"]
[Black "Wokittel, Ulf"]
[Result "1/2-1/2"]
[WhiteElo "1953"]
[BlackElo "2152"]
[PlyCount "67"]
[EventDate "2010.07.08"]
[EventType "swiss"]
[EventRounds "7"]
[EventCountry "GER"]
[SourceTitle "EXT 2011"]
[Source "ChessBase"]
[SourceDate "2010.11.26"]
[SourceVersion "1"]
[SourceVersionDate "2010.11.26"]
[SourceQuality "1"]

1. e4 e6 2. d3 d5 3. Nd2 Nf6 4. Qe2 dxe4 5. dxe4 e5 6. Ngf3 Nc6 7. Nb3 Bg4 8. Bg5 Be7 9. Rd1 Qc8 10. g3 0-0 11. Bg2 h6 12. Bc1 Qe6 13. 0-0 Rfd8 14. Qe3 Qc4 15. Rd3 Qxc2 16. Rc3 Qxe4 17. Qxe4 Nxe4 18. Re3 f5 19. Nh4 Bg5 20. f3 Bxe3+ 21. Bxe3 g5 22. Ng6 Bh5 23. fxe4 Bxg6 24. exf5 Bf7 25. Nc5 Bd5 26. f6 Kf7 27. Nxb7 Rd7 28. Bh3 Nd8 29. Bxd7 Nxb7 30. Bg4 Be4 31. Bh5+ Bg6 32. Bxg6+ Kxg6 33. Bxa7 Nd6 34. Bc5 1/2-1/2

[Event "Stuttgart-chA int"]
[Site "Ditzingen"]
[Date "2005.05.06"]
[Round "3"]
[White "Wokittel, Ulf"]
[Black "Peschlow, Patrick"]
[Result "1/2-1/2"]
[WhiteElo "2134"]
[BlackElo "2318"]
[PlyCount "90"]
[EventDate "2005.05.05"]
[EventType "swiss"]
[EventRounds "7"]
[EventCountry "GER"]
[SourceTitle "EXT 2018"]
[Source "ChessBase"]
[SourceDate "2017.10.13"]
[SourceVersion "1"]
[SourceVersionDate "2017.10.13"]
[SourceQuality "1"]

1. d4 Nf6 2. c4 g6 3. g3 Bg7 4. Bg2 d5 5. cxd5 Nxd5 6. Nc3 Nb6 7. Nf3 Nc6 8. e3 0-0 9. 0-0 Re8 10. b3 e5 11. dxe5 Nxe5 12. Nxe5 Bxe5 13. Bb2 c6 14. Qxd8 Rxd8 15. Rfd1 Bg4 16. f3 Bf5 17. e4 Be6 18. Na4 Bxb2 19. Nxb2 c5 20. Nd3 Rac8 21. Nf4 Bd7 22. Rac1 Kf8 23. Bf1 Ke7 24. Nd5+ Nxd5 25. Rxd5 b6 26. Ba6 Be6 27. Rdd1 Rb8 28. Be2 Rxd1+ 29. Rxd1 b5 30. Rc1 c4 31. Kf2 Kd6 32. bxc4 bxc4 33. Bxc4 Rb2+ 34. Ke3 Bxc4 35. Rxc4 Rxa2 36. h4 Ra5 37. Rc8 Rc5 38. Rd8+ Ke7 39. Ra8 Rc7 40. g4 Kf6 41. Kf4 h6 42. g5+ hxg5+ 43. hxg5+ Ke6 44. Ke3 Kd6 45. f4 Ke6 1/2-1/2